| 000 | 00975nam a2200313Ia 4500 | ||
|---|---|---|---|
| 001 | Para_8276 | ||
| 003 | CHAP | ||
| 008 | 220125s9999 xx 000 0 und d | ||
| 010 | _a205935 | ||
| 040 | _cCHAP | ||
| 082 | _aPA-C 595.752 A6 | ||
| 100 |
_aTakahashi, Ryoichi _9111377 |
||
| 245 |
_aA new species of aphididae from formosa and 3 species new to china / _c by Ryoichi Takahashi |
||
| 300 | _a3 p. | ||
| 440 |
_aAphidae; 9 _9171887 |
||
| 500 | _aSobretiro de: Trans. Nat. Hist. Soc. Formosa 17 (93): 388-390, 1927. Encuadernado con otros impresos similares | ||
| 650 |
_aAfididos _x Colecciones de escritos _91032 |
||
| 650 |
_aAfididos _xChina _9172075 |
||
| 650 |
_aAfididos _xFormosa _9172076 |
||
| 650 |
_aAmphorophora _9172077 |
||
| 650 |
_aMyzus _9164932 |
||
| 901 | _aPA-C 595.752 A6 | ||
| 902 | _aM | ||
| 905 | _a000000 0000000000 00 | ||
| 910 | _a | ||
| 942 | _cPARA | ||
| 942 |
_cPARA _d1 |
||
| 999 |
_c205935 _d205935 |
||